Koncepčný návrh recyklačného stroja na filament pre 3D tlačiareň

Enregistré dans:
Détails bibliographiques
Auteur principal: Srňánek, Adam (Auteur)
Autres auteurs: Dzurilla, Michal (Directeur de thèse)
Format: Manuscrit Livre
Langue:slovaque
Publié: 2022
Sujets:
Accès en ligne:http://is.stuba.sk/zp/portal_zp.pl?podrobnosti=164853
Tags: Ajouter un tag
Pas de tags, Soyez le premier à ajouter un tag!

MARC

LEADER 00000ntm a22000003a 4500
001 stuzp90988
003 SK-STU
005 20220611214242.6
007 ta
008 150427s2015----xo-----f-mn---000-0-slo-d
040 |a STU  |b slo 
041 0 |a slo 
100 1 |a Srňánek, Adam  |u 020010  |k Z4  |4 aut  |U SjF Strojnícka fakulta  |T SjF Ústav aplikovanej mechaniky a mechatroniky  |X 93302  |U J0010  |Y 801  |7 93302 
242 0 1 |a Conceptual design of a filament recycling machine for a 3D printer  |y eng 
245 1 0 |a Koncepčný návrh recyklačného stroja na filament pre 3D tlačiareň 
260 |c 2022 
650 4 |a recyklácia  |2 slo 
650 4 |a 3D tlač  |2 slo 
650 4 |a filament  |2 slo 
650 4 |a 3D printing  |2 eng 
650 4 |a recycling  |2 eng 
650 4 |a filament  |2 eng 
700 1 |a Dzurilla, Michal  |u 020010  |k Z2  |4 ths  |U SjF Strojnícka fakulta  |T SjF Ústav aplikovanej mechaniky a mechatroniky  |X 68105  |U J0010  |Y 801  |7 A000068105 
856 4 |u http://is.stuba.sk/zp/portal_zp.pl?podrobnosti=164853